Spectral methods: fundamentals in single domains (Record no. 7677)
[ view plain ]
| 000 -LEADER | |
|---|---|
| fixed length control field | 00913 a2200265 4500 |
| 020 ## - INTERNATIONAL STANDARD BOOK NUMBER | |
| International Standard Book Number | 9783540307259 |
| 020 ## - INTERNATIONAL STANDARD BOOK NUMBER | |
| International Standard Book Number | 3540307257 |
| 024 3# - OTHER STANDARD IDENTIFIER | |
| Standard number or code | 9786611341138 |
| 035 ## - SYSTEM CONTROL NUMBER | |
| System control number | cis8554373 |
| 040 ## - CATALOGING SOURCE | |
| Original cataloging agency | DLC |
| Language of cataloging | DLC |
| 082 04 - DEWEY DECIMAL CLASSIFICATION NUMBER | |
| Classification number | 515.7222 |
| 245 00 - TITLE STATEMENT | |
| Title | Spectral methods: fundamentals in single domains |
| Remainder of title | fundamentals in single domains |
| Statement of responsibility, etc. | C. Canuto |
| 260 ## - PUBLICATION, DISTRIBUTION, ETC. | |
| Place of publication, distribution, etc. | Berlin ; |
| -- | New York : |
| Name of publisher, distributor, etc. | Springer-Verlag, |
| Date of publication, distribution, etc. | c2006. |
| 300 ## - PHYSICAL DESCRIPTION | |
| Extent | xxii, 563 p. : |
| Other physical details | ill. ; |
| Dimensions | 24 cm. |
| 490 0# - SERIES STATEMENT | |
| Series statement | Scientific computation, |
| International Standard Serial Number | 1434-8322 |
| 650 #0 - SUBJECT ADDED ENTRY--TOPICAL TERM | |
| Topical term or geographic name entry element | Spectral theory (Mathematics) |
| 650 #0 - SUBJECT ADDED ENTRY--TOPICAL TERM | |
| Topical term or geographic name entry element | Numerical analysis. |
| 650 #0 - SUBJECT ADDED ENTRY--TOPICAL TERM | |
| Topical term or geographic name entry element | Differential equations, Partial |
| General subdivision | Numerical solutions. |
| 655 #7 - INDEX TERM--GENRE/FORM | |
| Genre/form data or focus term | Electronic books. |
| 700 1# - ADDED ENTRY--PERSONAL NAME | |
| Personal name | Canuto, C. |
| 710 2# - ADDED ENTRY--CORPORATE NAME | |
| Corporate name or jurisdiction name as entry element | MyiLibrary, Ltd. |
| 856 40 - ELECTRONIC LOCATION AND ACCESS | |
| Uniform Resource Identifier | <a href="http://www.myilibrary.com?id=134113">http://www.myilibrary.com?id=134113</a> |
| 856 40 - ELECTRONIC LOCATION AND ACCESS | |
| Uniform Resource Identifier | <a href="http://www.springerlink.com/openurl.asp?genre=book&isbn=978-3-540-30725-9">http://www.springerlink.com/openurl.asp?genre=book&isbn=978-3-540-30725-9</a> |
| 942 ## - ADDED ENTRY ELEMENTS (KOHA) | |
| Koha item type | Book |
| Call number prefix | 515.7222 CAN |
| Source of classification or shelving scheme | |
| Withdrawn status | Lost status | Damaged status | Not for loan | Collection code | Permanent Location | Current Location | Shelving location | Date acquired | Source of acquisition | Cost, normal purchase price | Total Checkouts | Full call number | Barcode | Date last seen | Date last checked out | Price effective from | Koha item type |
|---|---|---|---|---|---|---|---|---|---|---|---|---|---|---|---|---|---|
| Central Library (CL) | Central Library (CL) | General Stacks | 01/12/2006 | Progressive International Agencies | 6615.54 | 1 | 515.7222 CAN | SEECS007972 | 12/10/2014 | 09/28/2014 | 01/05/2017 | Book |
